[Event "Mumbai Wealth op"]
[Site "Mumbai"]
[Date "2016.01.28"]
[Round "1"]
[White "Shirodkar, Abhishek"]
[Black "Sameer, Ghotane"]
[Result "0-1"]
[WhiteElo "1009"]
[BlackElo "1938"]
[PlyCount "62"]
[EventDate "2016.01.28"]
[EventType "swiss"]
[EventRounds "9"]
[EventCountry "IND"]
[SourceTitle "CBM 170 Extra"]
[Source "ChessBase"]
[SourceDate "2016.02.25"]
[SourceVersion "1"]
[SourceVersionDate "2016.02.25"]
[SourceQuality "1"]

1. e4 c5 2. c3 d6 3. Nf3 Nf6 4. e5 dxe5 5. Nxe5 Nbd7 6. Bb5 a6 7. Nxd7 Bxd7 8. Bxd7+ Qxd7 9. 0-0 Rd8 10. Qf3 Qd5 11. Qxd5 Nxd5 12. c4 Nb4 13. Nc3 g6 14. b3 Bg7 15. a3 Nd3 16. Rd1 Nxf2 17. Kxf2 Bxc3 18. Rb1 0-0 19. d3 Rd6 20. Be3 b6 21. b4 Bd4 22. Bxd4 cxd4 23. c5 bxc5 24. bxc5 Rc6 25. Rdc1 Rfc8 26. Rb6 Rxb6 27. cxb6 Rxc1 28. b7 Rb1 29. b8B Rxb8 30. Kf3 f5 31. g3 e5 0-1